| 000 | 01537cam a2200385 a 4500 | ||
|---|---|---|---|
| 001 | 12187832 | ||
| 003 | OSt | ||
| 005 | 20260310114150.0 | ||
| 008 | 000927r20011996cau 000 0 eng | ||
| 010 | _a 00049860 | ||
| 020 |
_a0060652896 _qcloth |
||
| 020 |
_a9780060652890 _q(cloth) |
||
| 035 | _a12187832 | ||
| 040 |
_aDLC _cDLC _dDLC |
||
| 050 | 0 | 0 |
_aBR125 _b.L67 2001 |
| 082 | 0 | 0 |
_a248.4 _221 |
| 100 | 1 |
_aLewis, C. S. _q(Clive Staples), _d1898-1963 |
|
| 245 | 1 | 4 |
_aThe Screwtape letters ; _bwith, Screwtape proposes a toast / _cC.S. Lewis. |
| 246 | 3 | _aScrewtape letters ; with, Screwtape proposes a toast | |
| 260 |
_aSan Francisco : _bHarperSanFrancisco, _c2001. |
||
| 300 |
_ax, 209 p. ; _c22 cm. |
||
| 336 |
_atext _btxt _2rdacontent |
||
| 337 |
_aunmediated _bn _2rdamedia |
||
| 338 |
_avolume _bnc _2rdacarrier |
||
| 500 | _aOriginally published: 1st Touchstone ed. New York : Simon & Schuster, 1996. | ||
| 650 | 0 |
_aChristianity _y20th century. |
|
| 700 | 1 | 2 |
_aLewis, C. S. _q(Clive Staples), _d1898-1963. _tScrewtape proposes a toast. |
| 740 | 0 | 2 | _aScrewtape proposes a toast. |
| 856 | 4 | 2 |
_3Publisher description _uhttp://www.loc.gov/catdir/enhancements/fy0633/00049860-d.html |
| 906 |
_a7 _bcbc _corignew _d1 _eocip _f20 _gy-gencatlg |
||
| 942 |
_2lcc _cBK |
||
| 999 |
_c21326 _d21325 |
||